000 00801nam a2200265Ia 4500
003 OSt
005 20220926010356.0
006 a|||||r|||| 00| 0
007 ta
008 220923b |||||||| |||| 00| 0 eng d
020 _a9788126551002
_c499.00
037 _b237, 10/03/2017, CLASSIC BOOKS SERVICES
_cGeneral Book
040 _aRTL
_cRTL
_beng
041 _2eng
_aeng
082 _aX9:89Q8, Q2
100 _aMORGAN John
_918020
245 0 _aLean six sigma for dummies
250 _a2nd
260 _a New Delhi
_bWiley
_c2012
300 _axvi,300p
_ccm.
650 _aCommerce
700 _a BRENIG-JONES Martin
_9312195
942 _hX9:89Q8, Q2
_cGB
_2CC
999 _c617106
_d617106